Didáctica de las segundas lenguas (Record no. 9559)

MARC details
000 -LEADER
campo de control de longitud fija 01268nmc a2200409 a 4500
003 - IDENTIFICADOR DE NÚMERO DE CONTROL
campo de control AR-BaBNM
005 - FECHA Y HORA DE LA ÚLTIMA TRANSACCIÓN
campo de control 20251128204958.0
008 - DATOS DE LONGITUD FIJA--INFORMACIÓN GENERAL
campo de control de longitud fija 011101s1990 ||||||||||||||000 | spa||
020 ## - NÚMERO INTERNACIONAL ESTÁNDAR DEL LIBRO
Número Internacional Estándar del Libro 84-294-3152-7
040 ## - FUENTE DE CATALOGACIÓN
Centro/agencia transcriptor AR-BaBNM
245 10 - MENCIÓN DEL TÍTULO
Título Didáctica de las segundas lenguas
Resto del título estrategias y recursos básicos
260 ## - PUBLICACIÓN, DISTRIBUCIÓN, ETC.
Lugar de publicación, distribución, etc. Madrid
Nombre del editor, distribuidor, etc. Santillana
Fecha de publicación, distribución, etc. 1990
300 ## - DESCRIPCIÓN FÍSICA
Extensión 375 p.
Otros detalles físicos tablas, diagr., il.
490 #0 - MENCIÓN DE SERIE
Mención de serie Aula XXI
Designación de volumen o secuencia v. 47
504 ## - NOTA DE BIBLIOGRAFÍA, ETC.
Nota de bibliografía, etc. Nota La bibliografía se encuentra al final de cada capítulo
650 #4 - PUNTO DE ACCESO ADICIONAL DE MATERIA--TÉRMINO DE MATERIA
Término de materia o nombre geográfico como elemento de entrada ENSENANZA DE SEGUNDA LENGUA
650 #4 - PUNTO DE ACCESO ADICIONAL DE MATERIA--TÉRMINO DE MATERIA
Término de materia o nombre geográfico como elemento de entrada DIDACTICA
650 #4 - PUNTO DE ACCESO ADICIONAL DE MATERIA--TÉRMINO DE MATERIA
Término de materia o nombre geográfico como elemento de entrada ENSENANZA DE IDIOMAS
650 #4 - PUNTO DE ACCESO ADICIONAL DE MATERIA--TÉRMINO DE MATERIA
Término de materia o nombre geográfico como elemento de entrada ENSENANZA DE LA EXPRESION ORAL
650 #4 - PUNTO DE ACCESO ADICIONAL DE MATERIA--TÉRMINO DE MATERIA
Término de materia o nombre geográfico como elemento de entrada ENSENANZA DE LA ESCRITURA
650 #4 - PUNTO DE ACCESO ADICIONAL DE MATERIA--TÉRMINO DE MATERIA
Término de materia o nombre geográfico como elemento de entrada METODOS DE ENSENANZA
650 #4 - PUNTO DE ACCESO ADICIONAL DE MATERIA--TÉRMINO DE MATERIA
Término de materia o nombre geográfico como elemento de entrada TECNICAS DIDACTICAS
651 #4 - PUNTO DE ACCESO ADICIONAL DE MATERIA--NOMBRE GEOGRÁFICO
Nombre geográfico España
700 1# - ENTRADA AGREGADA--NOMBRE PERSONAL
Nombre de persona Bello Estévez, Pilar
700 1# - ENTRADA AGREGADA--NOMBRE PERSONAL
Nombre de persona Feria Rodríguez, Aurora
700 1# - ENTRADA AGREGADA--NOMBRE PERSONAL
Nombre de persona García Hernández, Teresa
700 1# - ENTRADA AGREGADA--NOMBRE PERSONAL
Nombre de persona Gómez Casañ, Pilar
700 1# - ENTRADA AGREGADA--NOMBRE PERSONAL
Nombre de persona Guerrini, Michele C.
700 1# - ENTRADA AGREGADA--NOMBRE PERSONAL
Nombre de persona López Hernández, Juana
700 1# - ENTRADA AGREGADA--NOMBRE PERSONAL
Nombre de persona Martín Viaño, María del Mar
700 1# - ENTRADA AGREGADA--NOMBRE PERSONAL
Nombre de persona Mata Barreriro, Carmen
700 1# - ENTRADA AGREGADA--NOMBRE PERSONAL
Nombre de persona Palencia del Burgo, Ramón
700 1# - ENTRADA AGREGADA--NOMBRE PERSONAL
Nombre de persona Salaberri Ramiro, Sagrario
700 1# - ENTRADA AGREGADA--NOMBRE PERSONAL
Nombre de persona Verdú Jordá, Mercedes
942 ## - ELEMENTOS DE ENTRADA SECUNDARIOS (KOHA)
Tipo de ítem Koha Libros
998 ## - INFORMACIÓN DE CONTROL LOCAL (RLIN)
Iniciales del catalogador, CIN (RLIN) silvi
Holdings
Estatus retirado Estado de pérdida Fuente de la clasificación o esquema de estantería Estado de daño No para préstamo Biblioteca de origen Biblioteca actual Fecha de adquisición Total de préstamos Signatura topográfica completa Código de barras Visto por última vez Precio de reemplazo Tipo de ítem Koha Restricciones de uso Ubicación en estantería
    Clasificación Decimal Dewey     Liberty Liberty 28/11/2025   372.80 BEL 101026 28/11/2025 28/11/2025 Libros    
    Clasificación Decimal Dewey     Liberty Liberty 28/11/2025   372.80 BEL 101027 28/11/2025 28/11/2025 Libros    
    Clasificación Decimal Dewey     Liberty Liberty 28/11/2025   372.80 BEL 101028 28/11/2025 28/11/2025 Libros    
    Clasificación Decimal Dewey   No para préstamo Liberty Liberty 28/11/2025   372.80 BEL 104775 28/11/2025 28/11/2025 Libros Acceso restringido  
    Clasificación Decimal Dewey   No para préstamo Liberty Liberty 28/11/2025   372.80 BEL 118291 28/11/2025 28/11/2025 Libros Acceso restringido